LEADER 01133nam0 2200253 450 001 000014157 005 20190221135039.0 100 $a20080708d1920----km-y0itay50------ba 101 0 $aita 102 $aIT 105 $aa-------001yy 200 1 $aTesto atlante di geografia storica generale e d'Italia in particolare$eEvo contemporaneo (parte 2. dell'Evo moderno : dal 1789 al 1914)$eper la 3. classe liceale utile come libro di consultazione ad ogni colta persona$fArcangelo Ghisleri 205 $a15. ed. 210 $aBergamo$cIstituto Italiano d'arti Grafiche$d1920 215 $a90 p., 80 cart. in 15 tav. con nuova carta dell'Africa in generale e dell'Africa italiana$cill.$d35 cm 610 1 $aItalia$aAtlanti geografici 610 1 $aAtlanti storici$aItalia 676 $a912.45$v20$9Rappresentazioni grafiche della superficie terrestre. Italia 700 1$aGhisleri,$bArcangelo$075333 801 0$aIT$bUNIPARTHENOPE$c20080708$gRICA$2UNIMARC 912 $a000014157 951 $aDEP I-0229$bs.i.$cNAVA4$d2008 996 $aTesto - atlante di geografia storica generale e d'Italia in particolare$947995 997 $aUNIPARTHENOPE LEADER 02812nam 2200649Ia 450 001 9910453773403321 005 20200520144314.0 010 $a6611786236 010 $a1-281-78623-3 010 $a9786611786236 010 $a1-4356-7806-0 010 $a600-00-0641-1 010 $a1-60750-334-4 035 $a(CKB)1000000000555686 035 $a(EBL)363211 035 $a(OCoLC)437229114 035 $a(SSID)ssj0000098924 035 $a(PQKBManifestationID)11113882 035 $a(PQKBTitleCode)TC0000098924 035 $a(PQKBWorkID)10009630 035 $a(PQKB)11320030 035 $a(MiAaPQ)EBC363211 035 $a(Au-PeEL)EBL363211 035 $a(CaPaEBR)ebr10267472 035 $a(CaONFJC)MIL178623 035 $a(EXLCZ)991000000000555686 100 $a20080403d2008 uy 0 101 0 $aeng 135 $aur|n|---||||| 181 $ctxt 182 $cc 183 $acr 200 00$aAdvances in mathematical modeling for reliability$b[electronic resource] /$fedited by Tim Bedford ... [et al.] 210 $aAmsterdam ;$aWashington, DC $cIOS Press$dc2008 215 $a1 online resource (248 p.) 300 $aDescription based upon print version of record. 311 $a1-58603-865-6 320 $aIncludes bibliographical references and indexes. 327 $aTitle page; Introduction; Contents; Graphical Modeling and Bayesian Networks; Repairable Systems Modeling; Competing Risks; Mixture Failure Rate Modeling; Signature; Relations Among Aging and Stochastic Dependence; Theoretical Advances in Modeling, Inference and Computation; Recent Advances in Recurrent Event Modeling and Inference; Point Estimation of the Transition Intensities for a Markov Multi-State System via Output Performance Observation; Keyword Index; Author Index 330 $aDiscusses fundamental issues on mathematical modeling in reliability theory and its applications. Beginning with a discussion of graphical modeling and Bayesian networks, this work then focuses on repairable systems. It also addresses how competing risks arise in reliability and maintenance analysis through the ways in which data is censored. 606 $aEngineering$xMathematical models$vCongresses 606 $aReliability (Engineering)$vCongresses 608 $aElectronic books. 615 0$aEngineering$xMathematical models 615 0$aReliability (Engineering) 676 $a620 676 $a620.00452015118 676 $a620/.00452015118 701 $aBedford$b T$028434 712 12$aMathematical Methods in Reliability$d(5th :$f2007 :$eGlasgow, Scotland) 801 0$bMiAaPQ 801 1$bMiAaPQ 801 2$bMiAaPQ 906 $aBOOK 912 $a9910453773403321 996 $aAdvances in mathematical modeling for reliability$92152547 997 $aUNINA